Το ψαροντούφεκο και τα μυστικά του

Αποθηκεύτηκε σε:
Λεπτομέρειες βιβλιογραφικής εγγραφής
Άλλοι συγγραφείς: Γιάννακα, Τ. (Επιμελητής έκδοσης), Φαλάρας, Πάνος (Επιμελητής έκδοσης)
Μορφή: Βιβλίο
Γλώσσα:Greek
Δημοσίευση: Πειραιάς : Βάλεφ Γιώτς, 1992
Έκδοση:5η έκδ.
Θέματα:
Ετικέτες: Προσθήκη ετικέτας
Δεν υπάρχουν, Καταχωρήστε ετικέτα πρώτοι!

MARC

LEADER 00000nam a2200000 i 4500
001 1/94365
008 940824s1992 gre d
035 |l 10009197 
040 |a GR-MY-UA  |b gre  |e aacr 
041 0 |a gre 
082 0 |a 799.14 
245 1 3 |a Το ψαροντούφεκο και τα μυστικά του /  |c κείμενα - επιμέλεια Τ. Γιάννακα - Π. Φαλάρα 
250 |a 5η έκδ. 
260 |a Πειραιάς :   |b Βάλεφ Γιώτς,   |c 1992 
300 |a 173 σ.  |b εικ. 
650 0 0 |a Fishing. 
650 0 0 |a Spear fishing. 
700 1 |a Γιάννακα, Τ.  |4 edt 
700 1 |a Φαλάρας, Πάνος.  |4 edt 
852 |a INST  |b LESVOS  |e 19940824  |h 799.14 ΨΑΡ  |p 005100006445  |q 005100006445  |t BK  |y 0 
909 |a Λ  |b 035174